La acción tutorial. De la práctica a la teoría
Gorde:
| Egile Nagusiak: | , , |
|---|---|
| Formatua: | Liburua |
| Hizkuntza: | gaztelania |
| Argitaratua: |
Madrid
Bruño
1998
|
| Saila: | Nueva Escuela, 43
|
| Gaiak: | |
| Etiketak: |
Etiketa erantsi
Etiketarik gabe, Izan zaitez lehena erregistro honi etiketa jartzen!
|
MARC
| LEADER | 00000nam a2200000 a 4500 | ||
|---|---|---|---|
| 001 | UCI3037 | ||
| 003 | CL-VaPUC | ||
| 008 | 071012e19980000SP |||||||||||||||||spa|d | ||
| 020 | |a 8421632604 | ||
| 082 | 0 | 4 | |a 371.42 |b TEN |2 21 |
| 100 | 0 | |a Tena Rosa, Miguel |e author |9 524366 | |
| 700 | 0 | |a Ceballos García, Manuel Jesús |e author |9 524367 | |
| 700 | 0 | |a Sevilla Arispón, Angel |e author |9 524368 | |
| 245 | 1 | 3 | |a La acción tutorial. De la práctica a la teoría |
| 300 | |a 171 p | ||
| 942 | |c BK | ||
| 945 | |d 20071012 00:00:00 |a rbrito | ||
| 260 | |a Madrid |b Bruño |c 1998 | ||
| 650 | 7 | |a ORIENTACION PEDAGOGICA |2 CL-VaPUC |9 334838 | |
| 650 | 7 | |a PERSONAL DE ORIENTACION PEDAGOGICA |2 CL-VaPUC |9 335458 | |
| 650 | 0 | |a Psicología educacional |9 307830 | |
| 650 | 7 | |a TUTORIA |2 CL-VaPUC |9 335054 | |
| 650 | 7 | |a EDUCACION Y EMPLEO |2 CL-VaPUC |9 338744 | |
| 650 | 7 | |a ENSEÑANZA PROFESIONAL |2 CL-VaPUC |9 524369 | |
| 650 | 0 | |a Transición a la vida activa |9 356358 | |
| 583 | |a last modification |c 20071012 00:00:00 |k Rodrigo Vera | ||
| 490 | 0 | |a Nueva Escuela, 43 | |
| 999 | |c 327432 |d 327430 | ||
| 952 | |0 0 |1 0 |4 0 |6 371_420000000000000_TEN_1998 |7 0 |8 A |9 410259 |a BIBEDU |b BIBEDU |d 2019-11-22 |i 4378652 |o 371.42 TEN 1998 |p 4378652 |r 2019-11-22 |w 2019-11-22 |y BK |k EPE | ||